000 00780nam a22002297a 4500
003 OSt
005 20250715014730.0
008 250715b |||||||| |||| 00| 0 eng d
020 _a97815955538188
040 _aDWCL - Main lib
_cOC
082 _aCirc. 248.892 M587b 2010
100 _aMetaxas, Eric
245 _a Bonhoeffer :
_b pastor, martyr, prophet, spy a righteous Gentile vs. the third Reich/
_cEric Metaxas
260 _aNashville, Tennessee :
_bThomas Nelson,
_cc2010.
300 _axvi, 591 pages :
_billustrations ;
_c23 cm.
504 _aIncludes bibliographical references and index.
650 _a1. Clergy.
650 _a2. Theologian--Germany--Biography.
650 _a3. Theologians.
700 _aTimothy J. Keller
942 _2ddc
_cBK-CIRC
_kCirc.
_n0
999 _c3670
_d3670